000
00301nam a22001337a 4500
008
170715b xxu||||| |||| 00| 0 eng d
020
_a
9781597260985
041
_a
eng
080
_a
2
100
_a
24
101
_a
teo
245
_a
EVOLUTION AND CHRISTIAN FAITH
_c
ROUGHGARDEN, J
942
_2
udc
_c
BK
999
_c
21187
_d
21187